Statistiche per Chi sono io ? #03

Clicka qui per fare il quiz!

Statistiche generali

  • Questo quiz è stato fatto 123 volte
  • Il punteggio medio è 4 su 5

Statistiche sulle risposte

IndiziCaratteri% Corretto
Nacqui nel 1451 nel territorio della Repubblica di Genova e morii il 20 maggio 1506 a Valladolid.
Sono un navigatore genovese al servizio dei Re Cattolici di Spagna Isabella di Castiglia e Ferdinando d'Aragona.
Sono stato incaricato dalla regina Isabella di raggiungere l'Asia orientale ("le Indie") attraversando l'Oceano Atlantico con tre caravelle di cui sono "l'ammiraglio".
Sono famoso per aver "scoperto l'America" ​​nel 1492 dopo essere sbarcato nella notte tra l'11 e il 12 ottobre su un'isola dell'arcipelago delle Bahamas a cui do il nome di San Salvador.
Sono...
Cristoforo Colombo
97%
Sono un personaggio immaginario creato da Sir Arthur Conan Doyle nel romanzo poliziesco A Study in Red nel 1887.
Sono nato nel 1854.
Sono un investigatore privato consulente che vive al 221B di Baker Street a Londra.
Ho una memoria notevole per tutto ciò che può aiutarlo a risolvere i crimini in genere, oltre a una straordinaria capacità di deduzione.
Sono spesso accompagnato dal mio amico dottor Watson, che racconta le mie avventure.
Sono anche un violinista esperto, appassionato di medicina e scienza.
Sono...
Sherlock Holmes
91%
Sono l'ultimo nato dei sei figli del Titano Cronos e di sua sorella Rhea.
Mio padre, Cronos, temendo la predizione dei suoi genitori, Urano e Gaia, che dicevano che avrebbe generato un rivale che avrebbe governato al suo posto, ingoiò i suoi primi cinque figli non appena nacquero. Affinché uno dei suoi figli sfugga a questo destino, mia madre, Rea, su consiglio di Gaïa, mi sostituisce con una pietra fasciata. Portato a Creta, vengo allevato dalle ninfe Hagno, Neda, Anthracia, Anchirhoe e Myrtoessa del monte Ida, e allattato dalla capra Amaltea in una grotta segreta di Lyctos. Le mie grida, che avrebbero potuto tradire la mia presenza, furono soffocate dal frastuono delle armi che i Cureti si scontravano nelle loro danze guerriere.
Io sono, nella mitologia greca, il dio supremo.
Sposai mia sorella Era, ed ebbi molti amanti dai quali ebbi numerosi discendenti.
Sono il dio del cielo e del fulmine.
Sono simboleggiato dall'aquila, dalla quercia e il mio attributo è il fulmine.
Sono...
Zeus
86%
Sono un personaggio immaginario giapponese creato da Akira Toriyama e l'eroe principale del manga di Dragon Ball.
Il mio nome di nascita Kakarot.
Sono un Saiyan nato sul pianeta Vegeta nell'anno 734 della linea temporale di Dragon Ball. Sono il figlio di Bardack e Gine.
Vivo da solo in montagna lontano dalla città, ho ereditato una palla a quattro stelle conosciuta come Dragon Ball, che conservo come ricordo da mio nonno Son Gohan.
Faccio amicizia con un'adolescente di nome Bulma. Insieme ci imbarchiamo alla ricerca delle sette Sfere del Drago che, una volta raccolte, evocano il drago che esaudisce i desideri Shenron.
Durante le mie avventure, trovo nuovi amici che mi seguono nel mio viaggio. Man mano che cresco, salvo la Terra e l'universo dai cattivi.
Sono...
Son Goku
79%
Sono nato il 21 aprile 1926 a Londra. Il mio secondo e terzo nome sono: Alexandra e Mary.
Durante la seconda guerra mondiale mi arruolai nel Servizio Territoriale Ausiliario.
Il 20 novembre 1947 sposai Philip Mountbatten, principe di Grecia e Danimarca.
Governo il Regno Unito di Gran Bretagna e Irlanda del Nord e altri quattordici stati sovrani, noti come regni del Commonwealth, e i loro territori e dipendenze. Sono anche il capo del Commonwealth, un'organizzazione di cinquantatré stati.
Sono...
La regina Elisabetta II
66%

Distribuzione punteggi

Percentile per numero di risposta

Percentuale di utenti per punteggio

I tuoi punteggi nel tempo

Non hai fatto questo quiz